000 00568cam a22002291 4500
001 sa 64005392
003 DLC
005 20260227112032.0
008 940729s1963 ii 000 0 pano
010 _asa 64005392
025 _aPL480:I-Pu-334
035 _a(OCoLC)30853858
040 _aDLC
_cCU
_dCU
_dDLC
042 _apremarc
050 0 0 _aJC73
_b.S55
100 1 _aSingh, Wazir.
245 1 0 _aYūnānī wicāradhārā dī kahāṇī.
260 _a[Faridkot]
_c1963.
300 _a48 p.
_c18 cm.
500 _aIn Panjabi.
650 0 _aPolitical science.
999 _c59096
_d59096